Las raíces romanas de la responsabilidad por culpa
Guardat en:
| Autor principal: | |
|---|---|
| Format: | Llibre |
| Idioma: | espanyol |
| Publicat: |
Barcelona
Bosch
1993
|
| Matèries: | |
| Etiquetes: |
Afegir etiqueta
Sense etiquetes, Sigues el primer a etiquetar aquest registre!
|
MARC
| LEADER | 00000nam a2200000 a 4500 | ||
|---|---|---|---|
| 001 | UCR1661 | ||
| 003 | CL-VaPUC | ||
| 008 | 971219e19930000SP |||||||||||||||||spa|d | ||
| 082 | 0 | 4 | |a 340.54 |b MAR |2 21 |
| 100 | |a Martínez Sarrión, Ángel |e autor |9 398976 | ||
| 245 | 1 | 4 | |a Las raíces romanas de la responsabilidad por culpa |
| 300 | |a 549 p | ||
| 942 | |c BK | ||
| 945 | |d 19971219 00:00:00 |a aolguin | ||
| 260 | |a Barcelona |b Bosch |c 1993 | ||
| 650 | 0 | |a Derecho romano |9 255930 | |
| 650 | 7 | |a CULPA |2 CL-VaPUC |9 372629 | |
| 650 | 0 | |a Responsabilidad |9 308399 | |
| 650 | 7 | |a DOCE TABLAS |2 CL-VaPUC |9 398977 | |
| 650 | 0 | |a Daño |9 383182 | |
| 650 | 7 | |a INTENCION |2 CL-VaPUC |9 312539 | |
| 650 | 7 | |a LEY DE TALION |2 CL-VaPUC |9 398978 | |
| 650 | 0 | |a Sanción |9 391224 | |
| 650 | 0 | |a Crimen |9 395403 | |
| 650 | 0 | |a Injurias |9 398336 | |
| 650 | 0 | |a Penas |9 255927 | |
| 650 | 7 | |a FUENTES |2 CL-VaPUC |9 255666 | |
| 650 | 7 | |a CONFENSION DERECHO |2 CL-VaPUC |9 397638 | |
| 650 | 7 | |a IMPUTABILIDAD |2 CL-VaPUC |9 383598 | |
| 650 | 7 | |a CULPA AQUILIANA |2 CL-VaPUC |9 398323 | |
| 650 | 0 | |a Derecho procesal penal |9 255496 | |
| 650 | 7 | |a DOCTRINA |2 CL-VaPUC |9 378331 | |
| 650 | 0 | |a Jurisprudencia |9 255952 | |
| 583 | |a last modification |c 19971219 00:00:00 |k Rodrigo Vera | ||
| 999 | |c 265028 |d 265026 | ||
| 952 | |0 0 |1 0 |4 0 |6 340_540000000000000_MAR_1993 |7 0 |8 DER_ROM |9 295805 |a BIBDER |b BIBDER |d 2019-11-20 |i 1918265 |o 340.54 MAR 1993 |p 1918265 |r 2023-01-25 |w 2019-11-20 |x Ubicación 4to piso |y BK |z Este recurso debe solicitarse con anticipación |k DER | ||